000 00615nam a2200265Ia 4500
001 115978
003 YMCAF
005 20230512162845.0
008 130411s2012 ||||||||||||||||| ||und|d
020 _a9781259006074
024 _a115978
035 _a41718
040 _aYMCAF
_beng
_cIN-KoLT
041 _aeng
082 _a371.26MAN
100 _aMannarswamy, Sandhya
245 0 _aCracking the system software interview
260 _aNew Delhi
_bTMH
_c2012
300 _a202
653 _acracking
653 _ainterview
653 _aSystem software
700 _aGanesh, S G
942 _2ddc
_cBK
999 _c13026
_d13026